[Event "lets play chess"]
[Site "SchemingMind.com"]
[Date "2007.06.26"]
[Round "-"]
[White "Glenn O'Brien"]
[Black "ansts"]
[Result "1-0"]
[WhiteCountry "AUS"]
[BlackCountry "PHI"]
[WhiteElo "1488"]
[WhiteRD "95"]
[BlackElo "1628"]
[BlackRD "110"]
[GameID "110790"]

1. e4 e5 2. Nf3 d6 3. d4 exd4 4. Nxd4 Nf6 5. Nc3 a6 6. Be2 g6 7. Bg5 Bg7 8. Qd2 O-O 9. O-O b5 10. Bf3 Ra7
11. Rfd1 Bb7 12. a4 c5 13. Ncxb5 axb5 14. Nxb5 Ra6 15. e5 Bxf3 16. gxf3 Ne4 17. fxe4 Qd7 18. exd6 Bxb2 19. Ra2 Be5 20. f4 Bg7
21. e5 Qg4+ 22. Kf2 Nd7 23. Nc7 Rb6 24. Nd5 Rb7 25. a5 h6 26. a6 hxg5 27. axb7 gxf4 28. Ne7+ Kh7 29. Ra8 Qh4+ 30. Kf1 Qh3+
31. Qg2 Qxg2+ 32. Kxg2 Rb8 33. Rxb8 Nxb8 34. d7
1-0

[Event "lets play chess"]
[Site "SchemingMind.com"]
[Date "2007.06.27"]
[Round "-"]
[White "ansts"]
[Black "Glenn O'Brien"]
[Result "0-1"]
[WhiteCountry "PHI"]
[BlackCountry "AUS"]
[WhiteElo "1628"]
[WhiteRD "110"]
[BlackElo "1488"]
[BlackRD "95"]
[GameID "110795"]

1. d4 d5 2. e3 Nf6 3. Nf3 e6 4. Be2 Bd6 5. a3 O-O 6. c4 c5 7. Qd3 cxd4 8. exd4 dxc4 9. Qxc4 Nc6 10. Bg5 Qb6
11. Bxf6 Qxb2 12. Bxg7 Qxa1 13. O-O Kxg7 14. Nc3 Qxa3 15. d5 exd5 16. Qxd5 Bxh2+ 17. Kxh2 Qxc3 18. Qg5+ Kh8 19. Qh6 Qg7 20. Qf4 Bg4
21. Bc4 Bxf3 22. gxf3 Rg8 23. Qg3 Qh6+ 24. Qh3 Qf4+ 25. Kh1 Qxc4
0-1

[Event "lets play chess"]
[Site "SchemingMind.com"]
[Date "2007.09.08"]
[Round "-"]
[White "David Hartley"]
[Black "carosoko"]
[Result "1-0"]
[WhiteCountry "ENG"]
[BlackCountry "BEL"]
[WhiteElo "1860"]
[WhiteRD "76"]
[BlackElo "1658"]
[BlackRD "76"]
[GameID "119189"]

1. e4 e5 2. Nf3 Nc6 3. Bb5 a6 4. Ba4 Nf6 5. O-O b5 6. Bb3 Bb7 7. d3 Be7 8. Re1 Bc5 9. Nxe5 Bxf2+ 10. Kxf2 Nxe5
11. Kg1 O-O 12. Nc3 c5 13. a3 Qb6 14. Nd5 Nxd5 15. Bxd5 Bxd5 16. exd5 Ng6 17. c4 Rae8 18. Be3 Qf6 19. b3 Rxe3 20. Rxe3 Qd4
21. Qe1 Re8 22. Kf2 Nf4 23. Kf3 Rf8 24. Rd1 g5 25. Qg3 Qf6 26. Kf2 Nxd3+ 27. Kg1 Nf4 28. Rf3 Kg7 29. Re1 h5 30. Re4 Qa1+
31. Rf1
1-0

[Event "lets play chess"]
[Site "SchemingMind.com"]
[Date "2007.09.25"]
[Round "-"]
[White "dadshane2000"]
[Black "Argeon"]
[Result "0-1"]
[WhiteCountry "USA"]
[BlackCountry "BEL"]
[WhiteElo "1883"]
[WhiteRD "73"]
[BlackElo "1962"]
[BlackRD "84"]
[GameID "121857"]

1. e4 e5 2. Nf3 Nc6 3. Bb5 a6 4. Ba4 Bc5 5. O-O b5 6. Bb3 Nf6 7. c3 Ba7 8. a4 O-O 9. d3 d5 10. exd5 Nxd5
11. d4 exd4 12. cxd4 Bg4 13. Nc3 Ndb4 14. Be3 Bxd4 15. Bxd4 Bxf3 16. Qxf3 Nxd4 17. Qd1 c5 18. Re1 c4 19. Ba2 Ndc2 20. axb5 axb5
21. Nxb5 Nxe1 22. Qxe1 Nc2 23. Qc1 Nxa1
0-1

[Event "lets play chess"]
[Site "SchemingMind.com"]
[Date "2007.09.25"]
[Round "-"]
[White "Argeon"]
[Black "dadshane2000"]
[Result "1-0"]
[WhiteCountry "BEL"]
[BlackCountry "USA"]
[WhiteElo "2003"]
[WhiteRD "83"]
[BlackElo "1864"]
[BlackRD "74"]
[GameID "121867"]

1. d4 Nf6 2. Nc3 d5 3. Bf4 Bf5 4. e3 e6 5. Bb5+ c6 6. Bd3 Bg6 7. Nf3 Bd6 8. O-O Bxf4 9. exf4 Nbd7 10. Re1 Qb6
11. f5 Bh5 12. fxe6 fxe6 13. Rxe6+ Kd8 14. Rb1 Bf7 15. Re3 Bh5 16. Be2 Kc8 17. Ng5 Bg6 18. b4 a6 19. Ne6 Rg8 20. Na4 Qa7
21. Nac5 Qb8 22. Nxd7 Kxd7 23. a4 Ne4 24. Nc5+ Kc7 25. b5 axb5 26. axb5 cxb5 27. Bxb5 Ra2 28. Rxe4 Bxe4 29. Qg4 Rd8 30. Qxg7+ Kb6
31. Ba4+
1-0

[Event "lets play chess"]
[Site "SchemingMind.com"]
[Date "2007.10.07"]
[Round "-"]
[White "griffimv"]
[Black "ptcmark"]
[Result "1-0"]
[WhiteCountry "INT"]
[BlackCountry "USA"]
[WhiteElo "2401"]
[WhiteRD "81"]
[BlackElo "1660"]
[BlackRD "106"]
[GameID "122907"]

1. e4 c5 2. Nf3 g6 3. d4 Bg7 4. c4 cxd4 5. Nxd4 Nc6 6. Be3 Nf6 7. Nc3 O-O 8. Be2 a6 9. O-O e5 10. Nxc6 bxc6
11. c5 Rb8 12. Qc2 d5 13. cxd6 Qxd6 14. Na4 Nxe4 15. Rfd1 Qb4 16. a3
1-0

[Event "lets play chess"]
[Site "SchemingMind.com"]
[Date "2007.10.07"]
[Round "-"]
[White "ptcmark"]
[Black "griffimv"]
[Result "0-1"]
[WhiteCountry "USA"]
[BlackCountry "INT"]
[WhiteElo "1737"]
[WhiteRD "109"]
[BlackElo "2375"]
[BlackRD "81"]
[GameID "122913"]

1. d4 Nf6 2. c4 e6 3. Nf3 b6 4. Nc3 Bb7 5. a3 d5 6. e3 Nbd7 7. cxd5 exd5 8. Bb5 Bd6 9. O-O O-O 10. Re1 c5
11. e4 Nxe4 12. Bxd7 Qxd7 13. Ng5 cxd4 14. Ncxe4 dxe4 15. Qxd4 Bxh2+
0-1

[Event "lets play chess"]
[Site "SchemingMind.com"]
[Date "2007.12.06"]
[Round "-"]
[White "Glenn O'Brien"]
[Black "griffimv"]
[Result "1/2-1/2"]
[WhiteCountry "AUS"]
[BlackCountry "INT"]
[WhiteElo "1679"]
[WhiteRD "96"]
[BlackElo "2336"]
[BlackRD "78"]
[GameID "131238"]

1. e4 c5 2. Nf3 d6 3. d4 cxd4 4. Nxd4 Nf6 5. Nc3 a6 6. Bg5 e6 7. f4 Qb6 8. Qd2 Qxb2 9. Rb1 Qa3 10. f5 Nc6
11. fxe6 fxe6 12. Nxc6 bxc6 13. e5 dxe5 14. Bxf6 gxf6 15. Ne4 Qxa2 16. Rd1 Be7 17. Be2 O-O 18. O-O f5 19. Qh6 Qxc2 20. Rd3 Qxe2
21. Rg3+ Kf7 22. Rxf5+ Ke8 23. Rxf8+ Bxf8 24. Nf6+ Kf7 25. Qxh7+ Kxf6 26. Rg6+ Kf5 27. Rg3+ Kf6 28. Rg6+ Kf5 29. Rg3+ Kf6 30. Rg6+
1/2-1/2

[Event "lets play chess"]
[Site "SchemingMind.com"]
[Date "2007.12.06"]
[Round "-"]
[White "griffimv"]
[Black "Glenn O'Brien"]
[Result "1-0"]
[WhiteCountry "INT"]
[BlackCountry "AUS"]
[WhiteElo "2336"]
[WhiteRD "78"]
[BlackElo "1679"]
[BlackRD "96"]
[GameID "131244"]

1. e4 e5 2. f4 exf4 3. Nf3 g5 4. h4 g4 5. Ne5 Nf6 6. d4 d6 7. Nd3 Nxe4 8. Bxf4 Bg7 9. c3 O-O 10. Nd2 Re8
11. Nxe4 Rxe4+ 12. Be2 Qe8 13. Kd2 h5 14. Re1 Be6 15. Bg5 Bc4 16. Nf4 Bxe2 17. Rxe2 Rxe2+ 18. Qxe2 Qxe2+ 19. Kxe2 f6 20. Nd5 c5
21. Bxf6 Nd7 22. Bxg7 Kxg7 23. Rf1 Re8+ 24. Kd3 cxd4 25. cxd4 Rf8 26. Rxf8 Kxf8 27. Ke4 Kf7 28. Kf5 Nb8 29. Nf4 Nc6 30. Ke4 Nb4
31. a3 Nc6 32. Nxh5 Nd8 33. d5 Ke7 34. Kf5 Nf7 35. Ng3 Ne5 36. h5 Nc4 37. Kg6 Kf8 38. Nf5 b6 39. h6 Kg8 40. Ne7+ Kh8
41. Nc6 b5 42. Nd8 Ne5+ 43. Kf6 a6 44. Nf7+ Nxf7 45. Kxf7 Kh7 46. Ke6 a5 47. Kxd6
1-0

[Event "lets play chess"]
[Site "SchemingMind.com"]
[Date "2007.12.27"]
[Round "-"]
[White "David Hartley"]
[Black "Argeon"]
[Result "0-1"]
[WhiteCountry "ENG"]
[BlackCountry "BEL"]
[WhiteElo "1887"]
[WhiteRD "77"]
[BlackElo "1977"]
[BlackRD "78"]
[GameID "134549"]

1. e4 e5 2. Nf3 Nc6 3. Bb5 Qe7 4. Bxc6 dxc6 5. h3 Bd7 6. O-O O-O-O 7. d3 Kb8 8. Be3 f6 9. Nc3 g5 10. Nh2 h5
11. f3 Qb4 12. Rb1 Bc5 13. Qe2 Bd4 14. Bxd4 exd4 15. Nd1 Qa5 16. a3 Ne7 17. c3 dxc3 18. Nxc3 Ng6 19. Nd1 Be6 20. Nf2 Qb6
21. g3 h4 22. g4 Nf4 23. Qd2 Rxd3 24. Qe1 Ba2 25. Ra1 Bc4 26. Kh1 Rb3
0-1

[Event "lets play chess"]
[Site "SchemingMind.com"]
[Date "2007.12.27"]
[Round "-"]
[White "Argeon"]
[Black "David Hartley"]
[Result "1-0"]
[WhiteCountry "BEL"]
[BlackCountry "ENG"]
[WhiteElo "1977"]
[WhiteRD "78"]
[BlackElo "1887"]
[BlackRD "77"]
[GameID "134558"]

1. e4 e6 2. f4 d5 3. e5 c5 4. Nf3 Nc6 5. Bb5 Bd7 6. Qe2 a6 7. Bxc6 Bxc6 8. Nc3 Ne7 9. d4 Nf5 10. Be3 Nxe3
11. Qxe3 Qb6 12. O-O-O cxd4 13. Nxd4 Bc5 14. h4 Bd7 15. h5 Be7 16. Qg3 O-O 17. f5 Bc5 18. f6 g6 19. hxg6 fxg6 20. Rxh7
1-0

[Event "lets play chess"]
[Site "SchemingMind.com"]
[Date "2008.02.24"]
[Round "-"]
[White "Argeon"]
[Black "griffimv"]
[Result "0-1"]
[WhiteCountry "BEL"]
[BlackCountry "INT"]
[WhiteElo "2010"]
[WhiteRD "92"]
[BlackElo "2355"]
[BlackRD "79"]
[GameID "142613"]

1. e4 c5 2. Nf3 d6 3. c3 Nf6 4. d3 Nc6 5. Be2 Bg4 6. Bg5 e6 7. Qb3 Qd7 8. Bxf6 gxf6 9. Nbd2 Bh6 10. Nc4 O-O-O
11. Ne3 f5 12. O-O Rhg8 13. exf5 exf5 14. Kh1 Rde8 15. Bd1 Bxe3 16. fxe3 Rxe3 17. Qd5 Qe6 18. Bb3 Na5 19. Nh4 Nxb3 20. Qxb3 Re2
21. Qa4 Qe7 22. Qxa7 Re8 23. g3 Bh3 24. Rg1 Qe5 25. Raf1 Bxf1 26. Rxf1 Re1 27. Qa8+ Kc7 28. Qxe8 Qxe8
0-1

[Event "lets play chess"]
[Site "SchemingMind.com"]
[Date "2008.02.24"]
[Round "-"]
[White "griffimv"]
[Black "Argeon"]
[Result "1-0"]
[WhiteCountry "INT"]
[BlackCountry "BEL"]
[WhiteElo "2355"]
[WhiteRD "79"]
[BlackElo "2010"]
[BlackRD "92"]
[GameID "142622"]

1. e4 c5 2. Nf3 Nc6 3. d4 cxd4 4. Nxd4 d6 5. Nc3 e6 6. Be3 Nge7 7. Nb3 Ng6 8. f4 Be7 9. Be2 Bf6 10. Qd2 Nh4
11. O-O a5 12. Rad1 a4 13. Nd4 Bxd4 14. Bxd4 a3 15. b3 O-O 16. Be3 Ra5 17. g3 Ng6 18. Qxd6 Qf6 19. Bd4 Nxd4 20. Rxd4 Qe7
21. b4 Qxd6 22. Rxd6 Ra8 23. Rfd1 Ne7 24. Bb5 h5 25. Na4 e5 26. Nb6 Bg4 27. Nxa8 Bxd1 28. Rxd1 Rxa8 29. Rd7
1-0